[Event "Olympiad Women 2024"]
[Site "Budapest HUN"]
[Date "2024.09.21"]
[Round "10.51"]
[Board "1"]
[White "Chen, Chi"]
[Black "Henderson de La Fuente, Andrea"]
[Result "1-0"]
[WhiteElo "1746"]
[BlackElo "1986"]
[PlyCount "91"]
[EventDate "2024.09.11"]
[WhiteTeam "Chinese Taipei"]
[BlackTeam "Andorra"]
[BlackTeamCountry "AND"]

1. d4 Nf6 2. Nf3 e6 3. c4 b6 4. g3 Bb7 5. Bg2 d5 6. cxd5 exd5 7. O-O Bd6 8. Nc3 a6 9. e4 $146 ({RR} 9. Qc2 Nbd7 10. e4 Nxe4 11. Nxe4 dxe4 12. Ng5 f5 13. Ne6 Qe7 14. Nxc7+ Bxc7 15. Qxc7 Bd5 16. Bf4 O-O 17. Bd6 Qd8 18. Qxd8 Rfxd8 19. b3 Rdc8 20. Rfc1 Kf7 {½-½ Graf Stevenson,S-Iliesco,J Mar del Plata International-05 1942 (17)}) ({RR} 9. Nh4 g6 10. Bg5 Be7 11. Qb3 Nbd7 12. Nf3 h6 13. Bf4 Nf8 14. Rac1 Ne6 15. Be3 Kf8 16. Rfd1 Kg7 17. Ne5 Rb8 18. Qa4 Qe8 19. Qc2 c5 20. Nf3 c4 21. b3 b5 22. bxc4 bxc4 23. Rb1 a5 {0-1 Bocharov,D (2516)-Pridorozhni,A (2504) TOP 28 Rapid GP 2022 (3.2)}) ({RR} 9. Ne5 Nbd7 10. Nxd7 Qxd7 11. Bg5 Ne4 12. Qc1 h6 13. Bf4 O-O 14. Bxd6 Qxd6 15. e3 Rae8 16. Ne2 f5 17. Nf4 a5 18. f3 Ng5 19. Re1 Nf7 20. Qc2 g5 21. Nd3 Ba6 22. f4 Bxd3 23. Qxd3 Qd7 {1-0 Damjanovic,V (2361)-Valitov,I (1799) 17th Paracin Open A 2024 (2.24)}) ({RR} 9. Ne5 Nbd7 10. Nc4 Be7 11. Ne3 Nf8 12. Qb3 c6 13. Nf5 Ne6 14. Rd1 O-O 15. Nxe7+ Qxe7 16. Qxb6 a5 17. e4 a4 18. exd5 Nxd5 19. Nxd5 cxd5 20. Be3 Rfb8 21. Rdc1 Ra6 22. Qb5 Qd6 23. Rc2 Rb6 {0-1 Arias Serrano,L (2214)-Saavedra,J Barquisimeto pre olympic 2004 (6)}) ({RR} 9. Ne5 Nbd7 10. Bf4 Qe7 11. Nxd7 Qxd7 12. Bxd6 Qxd6 13. Qd2 O-O 14. Rac1 Rac8 15. Rfd1 Rfd8 16. e3 c5 17. dxc5 bxc5 18. Ne2 Qe6 19. Nf4 Qe5 20. b3 Ne4 21. Qa5 d4 22. Nd3 Qf6 23. Bxe4 Bxe4 {1-0 Bluebaum,M (2433)-Oehne,T (1860) GER-ch Net qual1 U18 blitz 2012 (4)}) 9... Be7 10. e5 Ne4 11. Nd2 Nxc3 12. bxc3 Nc6 13. Qg4 O-O 14. f4 f5 15. exf6 Bxf6 16. Qe6+ Kh8 17. Qxd5 Qxd5 18. Bxd5 Rad8 19. Ba3 Rxd5 20. Bxf8 Nxd4 21. Rae1 Kg8 22. c4 Rd7 23. Bb4 Nc2 24. Re8+ Kf7 25. Rf8+ Kg6 26. f5+ Kh6 27. Rxf6+ gxf6 28. Bc3 Rd3 29. Nb1 Kg7 30. Rc1 Ne3 31. Kf2 Nxf5 32. Ke2 Re3+ 33. Kd2 Rf3 34. Ke2 Re3+ 35. Kd2 Re6 36. Rf1 Nd6 37. Ba1 Nxc4+ 38. Kc3 b5 39. Nd2 Re3+ 40. Kc2 Re2 41. Bxf6+ Kg8 42. Bg5 Rxh2 43. Kc3 Nb6 44. Nb3 Na4+ 45. Kd4 Rxa2 46. Bh6 1-0

[Event "Olympiad Women 2024"]
[Site "Budapest HUN"]
[Date "2024.09.21"]
[Round "10.51"]
[Board "2"]
[White "Muratet Carmona, Julia"]
[Black "Shih, Ching-An"]
[Result "1/2-1/2"]
[WhiteElo "1816"]
[BlackElo "1734"]
[PlyCount "131"]
[EventDate "2024.09.11"]
[WhiteTeam "Andorra"]
[BlackTeam "Chinese Taipei"]
[WhiteTeamCountry "AND"]

1. d4 Nf6 2. Bf4 g6 3. Nf3 Bg7 4. h3 d6 5. e3 Nbd7 6. Bd3 ({RR} 6. c4 c5 7. Nc3 Qa5 8. Nd2 O-O 9. Nb3 Qb4 10. a3 Qb6 11. Be2 Re8 12. O-O e5 13. Bh2 a6 14. a4 cxd4 15. a5 Qc7 16. exd4 exd4 17. Nxd4 Ne5 18. b3 Bd7 19. Bf4 h6 20. Qd2 Kh7 {0-1 Bakalarz,M (2421)-Miezis,N (2496) Olympiad-37 Turin 2006 (11)}) 6... c5 ({RR} 6... a6 7. c4 c5 8. Nc3 cxd4 9. exd4 Nh5 10. Be3 O-O 11. Qd2 Re8 12. O-O-O Rb8 13. Bh6 Nf8 14. g4 Bxh6 15. Qxh6 Ng7 16. Kc2 Bd7 17. Rdg1 b5 18. Nd2 Nge6 19. Qe3 b4 20. Ne2 Qb6 21. b3 {0-1 Baranov,V-Mikheyenkov,O Mariupol CC 50th Aniversary 2021 (8)}) 7. c3 O-O 8. Nbd2 b6 $146 ({RR} 8... cxd4 9. exd4 e5 10. Be3 Re8 11. Be2 e4 12. Nh2 Nd5 13. O-O f5 14. Qb3 N7b6 15. c4 Nxe3 16. fxe3 Kh8 17. a4 Nd7 18. Rad1 b6 19. Rf2 Qe7 20. Nhf1 a5 21. Nb1 Ba6 22. Nc3 Rab8 23. Nd5 {0-1 Martins,A-Souza Neves,J BRA-ch sf Brazil 1999 (7)}) ({RR} 8... a6 9. a4 Nd5 10. Bh2 h6 11. O-O Kh7 12. Qc2 Rb8 13. e4 Nc7 14. e5 cxd4 15. cxd4 dxe5 16. dxe5 Ne6 17. b4 Nb6 18. h4 Nd5 19. Rab1 Ndf4 20. Be4 b5 21. Nb3 Bb7 22. Na5 Bxe4 23. Qxe4 {1-0 Aufenanger,C (1700)-Fragel,M (1730) Hamburg St Pauli op-B 2013 (5)}) 9. e4 Bb7 10. d5 Ne8 11. Qb3 Ne5 12. Nxe5 dxe5 13. Bg3 Nd6 14. Nc4 Nxc4 15. Bxc4 Qd6 16. O-O a5 17. a4 Ba6 18. Bxa6 Rxa6 19. Qb5 Raa8 20. f4 Rab8 21. f5 gxf5 22. Rxf5 e6 23. dxe6 Qxe6 24. Qe2 f6 25. Bf2 Rbd8 26. Be3 Qc6 27. Qg4 Rf7 28. h4 Kh8 29. Rh5 Qd7 30. Qg6 Bf8 31. Rf1 Rg7 32. Qxf6 Be7 33. Qf5 Qxf5 34. Rfxf5 Rdg8 35. Bg5 Bxg5 36. Rhxg5 Rxg5 37. hxg5 Rd8 38. Rxe5 Rd1+ 39. Kh2 Rb1 40. Re8+ Kg7 41. Re7+ Kg8 42. Rb7 Rxb2 43. e5 Re2 44. Rxb6 Rxe5 45. g6 hxg6 46. Rxg6+ Kf7 47. Ra6 Re3 48. Rxa5 Rxc3 49. Ra6 Ra3 50. Rc6 Rxa4 51. Rxc5 Kg6 52. Kh3 Rb4 53. g3 Ra4 54. Rc8 Rb4 55. Rg8+ Kh7 56. Rg4 Rxg4 57. Kxg4 Kg6 58. Kf4 Kf6 59. g4 Kg6 60. g5 Kg7 61. Kf5 Kf7 62. g6+ Kg7 63. Kg5 Kg8 64. Kf6 Kf8 65. g7+ Kg8 66. Kg6 1/2-1/2

[Event "Olympiad Women 2024"]
[Site "Budapest HUN"]
[Date "2024.09.21"]
[Round "10.51"]
[Board "3"]
[White "Chen, I-Chen"]
[Black "Muratet Carmona, Alexandra"]
[Result "0-1"]
[WhiteElo "1771"]
[BlackElo "1796"]
[PlyCount "108"]
[EventDate "2024.09.11"]
[WhiteTeam "Chinese Taipei"]
[BlackTeam "Andorra"]
[BlackTeamCountry "AND"]

1. e4 c5 2. Nf3 e6 3. d4 cxd4 4. Nxd4 Nc6 5. Nc3 a6 6. Be3 Bb4 7. Nxc6 bxc6 ({RR} 7... Bxc3+ 8. bxc3 bxc6 9. Rb1 h6 10. Be2 Nf6 11. f3 O-O 12. O-O e5 13. Qe1 d5 14. exd5 cxd5 15. Qf2 Qc7 16. Bc5 Re8 17. c4 d4 18. Bb6 Qc6 19. Bd3 Be6 20. Qe2 Rab8 21. Ba5 Qc5 22. Bd2 {0-1 Reina Sorribas,N (1238)-Muratet Carmona,A (1655) Palma de Mallorca (Women) 1st 2021 (5)}) 8. Qd4 Bxc3+ ({RR} 8... Bf8 9. O-O-O Nf6 10. Bc4 d5 11. Bb3 Be7 12. Ba4 Bd7 13. e5 Ng8 14. Ne4 Rb8 15. Nc5 Nh6 16. g4 Qb6 17. Nxe6 fxe6 18. Qxb6 Rxb6 19. Bxb6 Nxg4 20. f4 O-O 21. Rdf1 Rb8 22. Bc7 Rb4 23. b3 {1-0 Golubev,M (2461)-Antonio,J (2277) Titled Tue 10th Jan Late 2023 (1)}) 9. Qxc3 Nf6 10. Bc5 $146 ({RR} 10. f3 O-O 11. g4 Qc7 12. O-O-O Rd8 13. Bg5 e5 14. Bxf6 gxf6 15. h4 Ra7 16. Qe3 d5 17. Qh6 Rd6 18. Rg1 Qe7 19. exd5 cxd5 20. Bd3 e4 21. Rde1 Re6 22. fxe4 dxe4 23. Bc4 Re5 24. Ref1 Be6 {1-0 Uhde,H (1597)-Spaeker,H (1346) Muensterland Verbandsklasse-B 0910 2009 (8.8)}) ({RR} 10. Bd3 O-O 11. O-O-O Bb7 12. g4 d5 13. g5 Ng4 14. Bc5 Qxg5+ 15. Kb1 Rfe8 16. Rhg1 Qf4 17. h3 Nf6 18. Be3 Qh4 19. Bg5 Nxe4 20. Bxh4 Nxc3+ 21. bxc3 f5 22. f4 g6 23. Bf6 c5 24. Kc1 Bc6 {1-0 Shukhman,A (2163)-Saranya Devi Narahari (1727) Swiss Queens Wed #31 2024 (1.242)}) ({RR} 10. Bg5 Nxe4 11. Qxg7 Qa5+ 12. c3 Qxg5 13. Qxh8+ Ke7 14. Qd4 d5 15. f3 e5 16. Qd3 Qh4+ 17. Ke2 Qf2+ 18. Kd1 Qxb2 19. fxe4 Qxa1+ 20. Ke2 Bg4+ 21. Kf2 Qxa2+ 22. Be2 Qxe2+ 23. Qxe2 Bxe2 24. Kxe2 a5 {0-1 Fahradyan,T-Servetar,S Kasparov CF University Cup rapid 2022 (7.192)}) ({RR} 10. Bd3 O-O 11. O-O Bb7 12. Qb4 Qc8 13. Bc5 Re8 14. e5 Nd5 15. Qh4 f5 16. c4 Nc7 17. Bd6 a5 18. Rae1 Na6 19. Be7 Nb4 20. Re3 Nxd3 21. Rxd3 Kf7 22. Bf6 Rh8 23. Rg3 g6 24. Rd1 c5 {1-0 Kanos,J (2013)-Ambrozi,P (2033) SVK-chT2C 0607 2006 (11.3)}) 10... Nxe4 11. Qxg7 Qf6 12. Qxf6 Nxf6 13. Bd4 Ke7 14. O-O-O Rg8 15. Bc5+ Ke8 16. f3 d5 17. g3 Nd7 18. Bd6 e5 19. Bh3 f6 20. Bg4 Nf8 21. Bh5+ Ng6 22. Rhe1 Kd7 23. Bc5 Rb8 24. c4 Ke6 25. f4 Rd8 26. Rf1 f5 27. fxe5 Bd7 28. Bd6 Rbc8 29. Bxg6 hxg6 30. c5 Rh8 31. h4 Rcg8 32. Rh1 Rh5 33. Rdg1 d4 34. Kd2 Kd5 35. Kd3 g5 36. hxg5 Rhxg5 37. Rh3 R5g6 38. Re1 Be6 39. Rh4 Rxg3+ 40. Kd2 Rg2+ 41. Re2 Rxe2+ 42. Kxe2 Rg4 43. Rh2 Ke4 44. b3 f4 45. Be7 Kxe5 46. Rh5+ Ke4 47. Bf6 f3+ 48. Kf1 Bd5 49. Re5+ Kd3 50. Re8 Re4 51. Rh8 Kc2 52. Rh2+ Re2 53. Rxe2+ fxe2+ 54. Kxe2 d3+ 0-1

[Event "Olympiad Women 2024"]
[Site "Budapest HUN"]
[Date "2024.09.21"]
[Round "10.51"]
[Board "4"]
[White "Real Puigdollers, Silvia"]
[Black "Tsai, Sophie Yi-Hsuan"]
[Result "0-1"]
[WhiteElo "1781"]
[BlackElo "1668"]
[PlyCount "80"]
[EventDate "2024.09.11"]
[WhiteTeam "Andorra"]
[BlackTeam "Chinese Taipei"]
[WhiteTeamCountry "AND"]

1. Nf3 c5 2. g3 Nc6 3. Bg2 g6 4. e4 Bg7 5. O-O Nf6 6. d3 d5 ({RR} 6... e5 7. Nc3 O-O 8. Ne1 d6 9. f4 Bg4 10. Qd2 exf4 11. gxf4 Nd4 12. h3 Bd7 13. Nf3 Nxf3+ 14. Rxf3 Bc6 15. Rf1 d5 16. e5 d4 17. Ne4 Nxe4 18. dxe4 f6 19. exf6 Qxf6 20. Qe2 Qe6 21. Bd2 {0-1 Wang,T (2034)-Singi,A (1923) 124th US Open 2024 (6.12)}) 7. Qe2 Bg4 8. h3 $146 ({RR} 8. c3 Ne5 9. Bf4 Nxf3+ 10. Bxf3 Bxf3 11. Qxf3 O-O 12. Nd2 Qd7 13. Rfe1 Qc6 14. Bg5 dxe4 15. Nxe4 Nxe4 16. Qxe4 Qxe4 17. Rxe4 e6 18. Be3 b6 19. d4 cxd4 20. Bxd4 Rfd8 21. Be3 Rd5 22. a4 Rc8 {½-½ Peng,S (2058)-Wong,Y (2186) Asia-chT Cup U14 2016 (5.2)}) ({RR} 8. c3 Qd7 9. Re1 O-O 10. Nbd2 Rad8 11. Nb3 b6 12. e5 Ne8 13. d4 cxd4 14. cxd4 a5 15. Be3 f6 16. exf6 Nxf6 17. Rac1 Rc8 18. Nbd2 Nb4 19. a3 Nc2 20. Red1 Ne4 21. Nb3 a4 22. Rxc2 Rxc2 {0-1 Amin,B (2504)-Wen,Y (2416) Wch U20 45th 2006 (8)}) ({RR} 8. c3 d4 9. h3 Bxf3 10. Bxf3 e5 11. c4 O-O 12. Bg2 Ne8 13. f4 Nd6 14. f5 Rb8 15. g4 Qh4 16. Nd2 Qe7 17. Nf3 a6 18. b3 Nb4 19. h4 Rfe8 20. Nh2 gxf5 21. gxf5 Bf6 22. a3 Nc6 {1-0 Chamadia,A (1563)-Girardin,I (2104) Reykjavik Open 2023 (5.90)}) 8... Nd4 9. Qd1 Nxf3+ 10. Bxf3 Bxh3 11. Re1 Be6 12. Nd2 dxe4 13. dxe4 Qc7 14. c3 O-O 15. Nf1 Rad8 16. Qe2 Nd7 17. Bf4 Qc8 18. Bg2 c4 19. Bg5 Rfe8 20. Be3 b6 21. Nh2 Ne5 22. a4 Nd3 23. Red1 Rd7 24. f4 Red8 25. g4 f5 26. gxf5 gxf5 27. e5 Bf7 28. Nf1 Kh8 29. Ng3 e6 30. Bf3 Bh6 31. Qh2 Bxf4 32. Bxf4 Nxf4 33. Rxd7 Rxd7 34. Nxf5 Qc5+ 35. Nd4 Qxe5 36. Rf1 Qe3+ 37. Kh1 Bg6 38. Bc6 Be4+ 39. Bxe4 Qxe4+ 40. Kg1 Rg7+ 0-1

[Event "Olympiad Women 2024"]
[Site "Budapest HUN"]
[Date "2024.09.21"]
[Round "10.52"]
[Board "1"]
[White "Vilhete, Vania Fausto Da T."]
[Black "Marape, Naledi"]
[Result "1/2-1/2"]
[WhiteElo "1877"]
[BlackElo "1926"]
[PlyCount "116"]
[EventDate "2024.09.11"]
[WhiteTeam "Mozambique"]
[BlackTeam "Botswana"]
[WhiteTeamCountry "MOZ"]
[BlackTeamCountry "BOT"]

1. d4 Nf6 2. c4 g6 3. Nc3 d5 4. e3 Bg7 5. Nf3 O-O 6. Bd3 c6 7. O-O Bg4 8. h3 Bxf3 9. Qxf3 dxc4 10. Bxc4 Nbd7 11. Bb3 ({RR} 11. e4 e5 12. d5 Rc8 13. dxc6 Rxc6 14. Bb5 Rd6 15. Be3 a6 16. Bc4 Qc7 17. Bb3 Nc5 18. Nd5 Nxd5 19. Bxd5 Ne6 20. Rac1 Qd7 21. Bd2 Nd4 22. Qd3 Rb6 23. b3 Rc8 24. Rxc8+ Qxc8 25. Rc1 Qe8 {1-0 Radjabov,T (2728)-Gagunashvili,M (2591) Wch Blitz 1st 2006 (11)}) ({RR} 11. e4 e5 12. d5 Nb6 13. Bb3 cxd5 14. exd5 e4 15. Nxe4 Nfxd5 16. Rd1 Qd7 17. Bh6 Qf5 18. Qxf5 gxf5 19. Bxg7 Kxg7 20. Nd6 Ne7 21. Nxb7 Rab8 22. Nc5 Rfc8 23. Nd7 Rb7 24. Ne5 Ng6 25. Nf3 a5 {0-1 Kargosha,B (2028)-Kukreja,S (2158) Titled Tue 4th Jul Early 2023 (4)}) 11... Rc8 12. Rd1 e6 $146 ({RR} 12... Qe8 13. e4 e5 14. d5 cxd5 15. Nxd5 Nxd5 16. Bxd5 b6 17. Qa3 Rc7 18. Qd6 Qb8 19. Bg5 Nc5 20. Rac1 Rd7 21. Qxb8 Rxb8 22. b4 Na6 23. a3 h6 24. Be3 Rbd8 25. Kf1 Bf8 26. Ke2 Kg7 27. Rd2 {1-0 Raedeker,B (2123)-Foltas,H (1991) Wuerttemberg-ch Seniors 15th 2003 (6)}) 13. e4 Qe7 14. Bg5 h6 15. Bh4 g5 16. Bg3 Nb6 17. e5 Nfd7 18. Re1 Nd5 19. Ne4 Rfd8 20. Nd6 Rc7 21. Rad1 Nf8 22. Ne4 Rcd7 23. Nc5 Rc7 24. Qg4 Ng6 25. Bc2 Ndf4 26. h4 h5 27. Qf3 g4 28. Qe4 Nd5 29. Bb1 Bh6 30. f3 gxf3 31. Qxf3 Kg7 32. Qxh5 Rh8 33. Qg4 Ne3 34. Rxe3 Bxe3+ 35. Kf1 Rxh4 36. Bxh4 Qxh4 37. Qxh4 Nxh4 38. Ke2 Bg5 39. Ne4 Be7 40. g4 Ng6 41. Ng3 Rd7 42. Nh5+ Kh6 43. Be4 Kg5 44. Bf3 Nh4 45. Ke3 Nxf3 46. Kxf3 c5 47. Ng3 Rxd4 48. Rxd4 cxd4 49. Ne4+ Kg6 50. Nd6 f6 51. Nxb7 fxe5 52. Ke4 Kg5 53. Na5 Bd6 54. Nc6 a6 55. b4 Kxg4 56. a4 Kg3 57. b5 axb5 58. axb5 Bc7 1/2-1/2

[Event "Olympiad Women 2024"]
[Site "Budapest HUN"]
[Date "2024.09.21"]
[Round "10.52"]
[Board "2"]
[White "Gabatshwarwe Refilwe"]
[Black "Efentakis, Katina"]
[Result "1-0"]
[WhiteElo "1787"]
[BlackElo "1650"]
[PlyCount "95"]
[EventDate "2024.09.11"]
[WhiteTeam "Botswana"]
[BlackTeam "Mozambique"]
[WhiteTeamCountry "BOT"]
[BlackTeamCountry "MOZ"]

1. d4 d5 2. Bf4 Bf5 3. e3 e6 4. c3 Bd6 ({RR} 4... Nd7 5. Bd3 Bg6 6. Nf3 Bd6 7. Bg3 Ne7 8. Qc2 Nf5 9. Nbd2 Bxg3 10. hxg3 c5 11. g4 Ne7 12. Ng5 h6 13. Bxg6 Nxg6 14. Nxe6 fxe6 15. Qxg6+ Ke7 16. Qxg7+ Kd6 17. Rxh6 Rg8 18. Qf7 Qe7 19. Qxe7+ {1-0 Ilic,M (1322)-Lalic,M (1828) Belgrade Premier League 2023 (6.3)}) 5. Qb3 ({RR} 5. Nf3 Nf6 6. Ne5 O-O 7. Nd2 Nbd7 8. Be2 Qb8 9. g4 Bg6 10. h4 h6 11. g5 hxg5 12. hxg5 Bxe5 13. dxe5 Nh7 14. Bh5 c6 15. Bxg6 fxg6 16. Qg4 Rf5 17. Nf3 Nhf8 18. O-O-O Qd8 19. Nd4 Kf7 {0-1 Bortnyk,O (2598)-Srihari,L (2414) Titled Tuesday intern op 25th May blitz 2021 (6)}) 5... b6 6. Nf3 $146 ({RR} 6. Qa4+ c6 7. Bxd6 Qxd6 8. Nf3 Ne7 9. Be2 O-O 10. Nbd2 f6 11. O-O e5 12. Nh4 Bd7 13. Qc2 e4 14. f3 f5 15. f4 a5 16. a3 Kh8 17. g3 Na6 18. Qb3 c5 19. Rac1 a4 20. Qd1 c4 {½-½ Kaemmer,R (915)-Babayev,R (1828) RLP-ch MTB 26th 2007 (1)}) 6... Ne7 7. Nbd2 O-O 8. Bg3 c5 9. Be2 c4 10. Qd1 Nbc6 11. Nh4 b5 12. Nxf5 Nxf5 13. e4 Nxg3 14. hxg3 dxe4 15. Nxe4 Be7 16. Bf3 Qb6 17. Qe2 Rac8 18. g4 Rfe8 19. Kf1 Nb8 20. Ng3 Nd7 21. Qc2 g6 22. Rd1 Nf6 23. Ne4 Nxe4 24. Bxe4 Red8 25. g3 a5 26. Kg2 b4 27. Rh2 Kg7 28. Qd2 Rh8 29. Rdh1 h6 30. Rxh6 Bg5 31. Qxg5 Rxh6 32. Qxh6+ Kf6 33. Qf4+ Ke7 34. Rh7 Rf8 35. Bxg6 bxc3 36. bxc3 Qc6+ 37. Be4 Qb6 38. g5 Ke8 39. Qe5 Rg8 40. Rh8 Rxh8 41. Qxh8+ Ke7 42. Qe5 a4 43. Qc5+ Qxc5 44. dxc5 a3 45. Kf3 e5 46. Ke3 Ke6 47. f4 exf4+ 48. gxf4 1-0

[Event "Olympiad Women 2024"]
[Site "Budapest HUN"]
[Date "2024.09.21"]
[Round "10.52"]
[Board "3"]
[White "Castro, Neusa Aridas De"]
[Black "Mosweu, Atlang Amolemo"]
[Result "1-0"]
[WhiteElo "1684"]
[BlackElo "1797"]
[PlyCount "99"]
[EventDate "2024.09.11"]
[WhiteTeam "Mozambique"]
[BlackTeam "Botswana"]
[WhiteTeamCountry "MOZ"]
[BlackTeamCountry "BOT"]

1. e4 c6 2. d3 d5 3. Nd2 e6 4. Be2 ({RR} 4. Ngf3 Be7 5. g3 Nf6 6. Bg2 O-O 7. O-O {½-½ Senador,E (2433)-Nguyen,A (2533) ASEAN op 1st 2001 (6)}) ({RR} 4. Ngf3 Nd7 5. g3 Bc5 6. c3 e5 7. b4 Bb6 8. a4 Ngf6 9. Bg2 dxe4 10. dxe4 a5 11. O-O O-O 12. Re1 Ng4 13. Re2 Ndf6 14. h3 Nxf2 15. Qf1 N2xe4+ 16. Kh2 Nxc3 17. Rxe5 axb4 18. Qc4 Nfd5 {0-1 Andreev,P (1705)-Harrison,P (1915) BCF-chT4 0708 (4NCL) 2007 (10.6)}) 4... c5 $146 ({RR} 4... Bd6 5. Ngf3 Nd7 6. b3 Ngf6 7. Bb2 Qc7 8. h3 Ne5 9. Ng5 h6 10. Ngf3 Bd7 11. Nxe5 Bxe5 12. d4 Bf4 13. e5 Bxd2+ 14. Qxd2 Ne4 15. Qe3 Qa5+ 16. c3 c5 17. O-O O-O 18. Kh2 Rac8 19. c4 {1-0 Meli,M (1829)-Bagnoli,L Cutro op-B 10th 2004 (4)}) 5. Ngf3 Nc6 6. O-O d4 7. Nc4 Nf6 8. Bg5 Be7 9. Nfe5 Nxe5 10. Nxe5 Nd7 11. Bxe7 Qxe7 12. Nc4 O-O 13. f4 b5 14. Nd2 Bb7 15. Qe1 f6 16. Qg3 f5 17. Rae1 Qf7 18. b3 Qg6 19. Qxg6 hxg6 20. Bf3 Kf7 21. e5 Bxf3 22. Rxf3 Nb6 23. a3 Nd5 24. Nf1 a5 25. Ra1 Ra7 26. a4 bxa4 27. Rxa4 Rb8 28. Ra1 Rb4 29. Nd2 a4 30. Nc4 Ke7 31. Rff1 Nc3 32. Nd6 Ra8 33. g3 Kd7 34. Ra3 Rab8 35. bxa4 Rxa4 36. Rxa4 Nxa4 37. Ra1 Rb4 38. Nc4 Kc7 39. Kf2 Kc6 40. Ke2 Nb6 41. Nd6 Ra4 42. Rb1 Ra7 43. Kd2 Nd5 44. Rb8 Nb4 45. Rc8+ Kd5 46. Nc4 Rb7 47. Rd8+ Kc6 48. Na5+ Kc7 49. Nxb7 Kxb7 50. Rd7+ 1-0

[Event "Olympiad Women 2024"]
[Site "Budapest HUN"]
[Date "2024.09.21"]
[Round "10.53"]
[Board "1"]
[White "Charinda, Kudzanayi"]
[Black "Feng, Eunice"]
[Result "0-1"]
[WhiteElo "1854"]
[BlackElo "1974"]
[PlyCount "84"]
[EventDate "2024.09.11"]
[WhiteTeam "Zimbabwe"]
[BlackTeam "Hong Kong, China"]
[WhiteTeamCountry "ZIM"]

1. e4 c6 2. d4 d5 3. exd5 cxd5 4. Bd3 Nc6 5. c3 Qc7 6. Ne2 Bg4 7. O-O e6 8. h3 Bh5 9. Bf4 Bd6 ({RR} 9... Qxf4 10. Nxf4 Bxd1 11. Rxd1 Bd6 12. Ne2 Nf6 13. Nd2 O-O 14. a4 Rfc8 15. a5 a6 16. b4 e5 17. dxe5 Nxe5 18. Nb3 Rc7 19. f3 g6 20. Kf2 h5 21. g4 Re8 22. g5 Nh7 23. f4 Nc6 24. b5 {½-½ Klimkowski,J (2531)-Kozak,A (2442) chess.com Speed Poland 2024 (3.3)}) 10. Bxd6 Qxd6 11. Qd2 Bg6 12. Na3 $146 ({RR} 12. Bxg6 hxg6 13. Qf4 Qe7 14. Nd2 g5 15. Qg3 Nh6 16. Nf3 f6 17. Rfe1 Nf5 18. Qg4 Kf7 19. c4 Nh6 20. Qg3 dxc4 21. d5 exd5 22. Nc3 Qd7 23. Nxd5 Qxd5 24. Rad1 Qa5 25. Rd7+ Kg6 26. b4 cxb3 {0-1 Van Baar,E (2136)-Fridman,D (2597) Karlsruhe Grenke op 2017 (1)}) 12... Nf6 13. Rae1 Bxd3 14. Qxd3 O-O 15. Nc2 b5 16. f4 b4 17. Ng3 bxc3 18. bxc3 g6 19. Ne3 h5 20. Rf3 h4 21. Nh1 Ne7 22. Nf2 Nh5 23. Neg4 Nxf4 24. Nf6+ Kg7 25. Qd2 Kxf6 26. Ng4+ Kg7 27. Rxf4 Nf5 28. Rxf5 exf5 29. Qh6+ Kg8 30. Ne5 Rac8 31. Rf1 Rfd8 32. Rf4 Qf8 33. Qxh4 Qg7 34. Qe7 Re8 35. Qd6 Rcd8 36. Nd7 Qh6 37. g3 Qxh3 38. Nf6+ Kh8 39. Rh4+ Qxh4 40. Nxe8 Rxd6 41. gxh4 Rc6 42. Kf2 Kg8 0-1

[Event "Olympiad Women 2024"]
[Site "Budapest HUN"]
[Date "2024.09.21"]
[Round "10.53"]
[Board "2"]
[White "Leung, Hoi Ting"]
[Black "Shaba, Linda Dalitso"]
[Result "0-1"]
[WhiteElo "1619"]
[BlackElo "1831"]
[PlyCount "122"]
[EventDate "2024.09.11"]
[WhiteTeam "Hong Kong, China"]
[BlackTeam "Zimbabwe"]
[BlackTeamCountry "ZIM"]

1. d4 d5 2. Bf4 Nf6 3. e3 Bf5 4. Bd3 Bg6 5. Nf3 Nbd7 6. c3 ({RR} 6. c4 dxc4 7. Bxc4 e6 8. Nc3 Bd6 9. Bxd6 cxd6 10. Qb3 Qb6 11. Rc1 Qxb3 12. Bxb3 Ke7 13. Bc2 Rhc8 14. Bxg6 hxg6 15. Ke2 a6 16. Rc2 Rc7 17. Rhc1 Rac8 18. Ne1 Nb6 19. Nd1 Rxc2+ 20. Rxc2 Rxc2+ {½-½ Torre,E (2519)-Gomez,J (2464) Manila op 2008 (9)}) ({RR} 6. Ne5 Nxe5 7. dxe5 Nd7 8. e6 fxe6 9. Bxg6+ hxg6 10. Qg4 Kf7 11. Qg3 Rc8 12. Nd2 e5 13. Bxe5 Nxe5 14. Qxe5 e6 15. Nf3 Rh5 16. Qd4 c5 17. Qa4 a6 18. g4 Rh3 19. Qf4+ Ke7 20. Ng5 Rh6 {1-0 Avik,S (2024)-Tanvir,A (1659) Dhaka Al Mahmud Memorial 2022 (1)}) 6... e6 7. O-O Be7 8. Be2 $146 ({RR} 8. h3 c5 9. Bxg6 hxg6 10. Nbd2 O-O 11. Re1 Rc8 12. Ne5 a6 13. Nxd7 Qxd7 14. Nf3 b5 15. dxc5 Bxc5 16. a3 Rfe8 17. Ne5 Qb7 18. Qf3 Ne4 19. Rad1 a5 20. Nd3 Bf8 21. Qe2 b4 22. cxb4 axb4 {½-½ Stellaki,A (1241)-Kotsoglou,E (1424) GRE-chT 46th 2018 (1.11)}) 8... Nh5 9. Be5 f6 10. Bg3 Nxg3 11. hxg3 O-O 12. Nbd2 Rc8 13. Rc1 c6 14. c4 Kh8 15. cxd5 exd5 16. Qb3 Nb6 17. Nh4 Qe8 18. Nxg6+ Qxg6 19. Nf3 Bd6 20. Nh4 Qf7 21. Rfd1 g6 22. a4 Na8 23. Bd3 f5 24. Nf3 Rfe8 25. Qc3 Qe7 26. Rb1 a6 27. b4 Nb6 28. Qb3 Rc7 29. b5 cxb5 30. axb5 a5 31. Qb2 Kg7 32. Qa2 Ra8 33. Kf1 a4 34. Nh4 Kf6 35. Qe2 h5 36. Qf3 Qe6 37. Bxf5 gxf5 38. Qxh5 Rg8 39. Qh6+ Kf7 40. Qh7+ Ke8 41. Qxf5 Qxf5 42. Nxf5 Kd7 43. Ke2 Rh8 44. Rh1 Rxh1 45. Rxh1 Nc8 46. Kd3 Bb4 47. Rh7+ Ne7 48. Nxe7 Bxe7 49. Rh1 a3 50. Ra1 Rc4 51. Ra2 Rc1 52. f4 Rb1 53. Kc2 Rxb5 54. g4 Ke6 55. g3 Kf6 56. Kc3 Rb1 57. Rg2 b5 58. Rh2 b4+ 59. Kd3 Rb3+ 60. Ke2 Rb2+ 61. Kf3 Rxh2 0-1

[Event "Olympiad Women 2024"]
[Site "Budapest HUN"]
[Date "2024.09.21"]
[Round "10.53"]
[Board "3"]
[White "Wakuruwarewa, Colletta"]
[Black "Liu, Tian Yi"]
[Result "0-1"]
[WhiteElo "1814"]
[BlackElo "1607"]
[PlyCount "64"]
[EventDate "2024.09.11"]
[WhiteTeam "Zimbabwe"]
[BlackTeam "Hong Kong, China"]
[WhiteTeamCountry "ZIM"]

1. e4 c6 2. d4 d5 3. e5 c5 4. c3 Nc6 5. Bd3 cxd4 6. cxd4 Nxd4 7. Bxh7 Nc6 8. Bxg8 Rxg8 9. Qh5 $146 ({RR} 9. Bf4 g5 10. Bg3 Bf5 11. Nd2 e6 12. Ne2 Qb6 13. b3 Ba3 14. Nc3 Qa6 15. Na4 Nd4 16. Ne4 Bb4+ 17. Nac3 Bxc3+ 18. Nxc3 Nc2+ {0-1 Ruzicka,V (1770)-Beter,A (1940) Strmilov op 2004 (8)}) ({RR} 9. f4 Be6 10. Nf3 Qa5+ 11. Nc3 d4 12. Nxd4 O-O-O 13. Be3 Nxd4 14. Bxd4 Qb4 15. Rc1 Rxd4 16. Qxd4 Qxd4 17. Nb5+ Kb8 18. Nxd4 Bxa2 19. O-O Bd5 20. Rfd1 e6 21. f5 Bb4 22. g4 Rh8 23. Rd3 a5 {1-0 Mueller,J (1814)-Baranowsky,P (1906) Berlin-ch Seniors op 33rd 2017 (6)}) 9... Nd4 10. Na3 Bf5 11. Ne2 Bg6 12. Qg4 Nxe2 13. Qxe2 e6 14. Nb5 a6 15. Nd4 Rc8 16. O-O Qh4 17. Be3 Rh8 18. Nf3 Bh5 19. h3 Qe4 20. Rfc1 Rd8 21. Qc2 Bxf3 22. gxf3 Qh4 23. Kf1 d4 24. Qa4+ b5 25. Qxa6 Qxh3+ 26. Ke2 d3+ 27. Kd2 Bb4+ 28. Rc3 Bxc3+ 29. bxc3 Qxf3 30. Qxb5+ Kf8 31. Re1 Rh1 32. Qb1 Qe2+ 0-1